| 000 | 00671nam a2200145Ia 4500 | ||
|---|---|---|---|
| 008 | 100122s9999 xx 000 0 und d | ||
| 082 |
_b64476 _a742 |
||
| 100 | _aपवार बा ग | ||
| 245 | _aभारतीय थोर चित्रकार राजा रविवर्मा (क.क्र.8/2) | ||
| 260 |
_bमातृभूमी प्रकाशन _c2003 |
||
| 300 | _a104 | ||
| 630 | _aभारतीय थोर चित्रकार राजा रविवर्मा (क.क्र.8/2) | ||
| 730 | _aभारतीय थोर चित्रकार राजा रविवर्मा (क.क्र.8/2) | ||
| 942 | _cBOOK | ||
| 999 |
_c437980 _d437977 |
||